00936nam a2200277Ia 4500001000900000003000500009005001700014008004100031010001100072020002200083040000900105082002100114100002500135245011000160260009100270300001100361440003900372504003100411650006500442650002700507650002300534650002700557650002000584650003100604700002300635dia_5284CHAP20251023153113.0220117s2012 xx 000 0 und d a176193 a978-607-401-427-3 cCHAP a363.856 H65 2012 aHolt-Giménez, Eric a¡Rebeliones alimentarias! : la crisis y el hambre por la justicia /c Eric Holt - Giménez y Raj Patel aMéxico :b Universidad Autónoma de Zacatecas :,b Miguel Ángel Porrúa,c2012 a310 p. aEstudios críticos del desarrollo aBibliografía: p. 279-293 aAlimentación y nutrición humanaxAspectos económicos  aConsumo alimentario  aFood consumption  aFood human nutrition  aFood production aProdución de alimentos  aPatel, Raj, coaut.